[Event "SPICE Cup op"]
[Site "Saint Louis USA"]
[Date "2012.10.19"]
[Round "8"]
[White "Charbonneau, Pascal"]
[Black "Jayakumar, Adarsh"]
[Result "1-0"]
[WhiteElo "2517"]
[BlackElo "2290"]
[PlyCount "65"]
[GameId "2130307690690518"]
[EventDate "2012.10.16"]
[EventType "swiss"]
[EventRounds "9"]
[EventCountry "USA"]
[SourceTitle "10 Days-343"]
[SourceDate "2012.10.30"]
[SourceVersion "1"]
[SourceVersionDate "2012.10.30"]
[SourceQuality "1"]

1. c4 e6 2. g3 d5 3. Nf3 Nf6 4. Bg2 c6 5. b3 Nbd7 6. Bb2 Bd6 7. O-O O-O 8. d4 b6 9. Nc3 Bb7 10. Nd2 e5 11. cxd5 cxd5 12. Nc4 dxc4 13. Bxb7 Rb8 14. Nb5 Be7 15. Bg2 exd4 16. Bxd4 a6 17. Na7 Qc7 18. Nc6 Rbe8 19. Rc1 Bc5 20. Rxc4 Ne4 21. Nb4 Qa7 22. Qc2 Nd6 23. Bxc5 Nxc5 24. Rd4 Nb5 25. Rd5 Rc8 26. a4 a5 27. Rh5 g6 28. Rh4 Nd6 29. Nd5 Nf5 30. Nf6+ Kg7 31. Qb2 Nxh4 32. Ne8+ Kh6 33. Qg7+ 1-0

[Event "USA Chess League"]
[Site "ICC INT"]
[Date "2012.10.01"]
[Round "5"]
[White "Kekelidze, Mikheil"]
[Black "Charbonneau, Pascal"]
[Result "1/2-1/2"]
[WhiteElo "2488"]
[BlackElo "2517"]
[PlyCount "131"]
[GameId "2130307692757402"]
[EventDate "2012.09.04"]
[EventType "team"]
[EventRounds "10"]
[EventCountry "USA"]
[SourceTitle "The Week in Chess 935"]
[Source "Mark Crowther"]
[SourceDate "2012.10.09"]
[SourceVersion "1"]
[SourceVersionDate "2012.10.09"]
[SourceQuality "2"]
[WhiteTeam "Connecticut"]
[BlackTeam "New York"]

1. d4 d5 2. c4 c6 3. Nf3 Nf6 4. Nc3 a6 5. cxd5 cxd5 6. Bf4 Nc6 7. Ne5 e6 8. e3 Qb6 9. Rb1 Nxe5 10. Bxe5 Be7 11. Bd3 O-O 12. Qf3 Nd7 13. Bf4 Qd8 14. O-O f5 15. Rfc1 Nb6 16. Ne2 Qe8 17. Qg3 Bd7 18. Be5 Rf7 19. Bc7 Nc4 20. Nf4 Nd2 21. Ra1 Bf8 22. h4 Bb5 23. f3 Rc8 24. Bxb5 axb5 25. Nd3 Nc4 26. Bf4 b6 27. b3 Ba3 28. Re1 Na5 29. e4 dxe4 30. fxe4 Qd8 31. d5 exd5 32. e5 Be7 33. e6 Rf6 34. Bg5 Rg6 35. Nf4 Bxg5 36. Nxg6 Bf6 37. Nf4 Bxa1 38. Rxa1 Nc6 39. Re1 Qf6 40. h5 Ne7 41. Qf3 Qd4+ 42. Qe3 Qxe3+ 43. Rxe3 g5 44. hxg6 hxg6 45. Rd3 Rd8 46. Ne2 Kg7 47. Nd4 b4 48. Nc2 Nc6 49. e7 Nxe7 50. Nxb4 Kf6 51. a4 f4 52. Kf2 g5 53. g3 fxg3+ 54. Kxg3 d4 55. Kg4 Ng6 56. Rf3+ Nf4 57. Nd3 Ke6 58. Nxf4+ gxf4 59. Kxf4 Kd5 60. Kg3 Ke4 61. Kf2 Rd6 62. Rh3 Rc6 63. Ke2 Rc2+ 64. Kd1 Rg2 65. Rh4+ Kd5 66. Rh5+ 1/2-1/2

[Event "USA Chess League"]
[Site "ICC INT"]
[Date "2012.10.09"]
[Round "6"]
[White "Holt, Conrad"]
[Black "Charbonneau, Pascal"]
[Result "1-0"]
[WhiteElo "2496"]
[BlackElo "2517"]
[PlyCount "87"]
[GameId "2130307692757416"]
[EventDate "2012.09.04"]
[EventType "team"]
[EventRounds "10"]
[EventCountry "USA"]
[SourceTitle "The Week in Chess 936"]
[Source "Mark Crowther"]
[SourceDate "2012.10.15"]
[SourceVersion "1"]
[SourceVersionDate "2012.10.15"]
[SourceQuality "2"]
[WhiteTeam "Dallas"]
[BlackTeam "New York"]

1. d4 Nf6 2. c4 g6 3. Nc3 Bg7 4. e4 d6 5. Nf3 O-O 6. h3 e5 7. d5 Na6 8. Bg5 Qe8 9. g4 Nc5 10. Nd2 a5 11. Qf3 Nfd7 12. Rg1 Kh8 13. O-O-O Nb6 14. Be2 c6 15. Qg3 cxd5 16. cxd5 Bd7 17. b3 f6 18. Be3 Rc8 19. Kb2 Rg8 20. f3 a4 21. Rc1 axb3 22. axb3 Qf8 23. h4 f5 24. Qe1 f4 25. Bf2 Bf6 26. Ra1 Qe8 27. Ra7 Rc7 28. Qa1 Nc8 29. Ra8 Bd8 30. b4 Nb6 31. bxc5 Nxa8 32. Qxa8 dxc5 33. Nc4 Rc8 34. Qa7 Be7 35. Nb6 Rb8 36. Rd1 Bd6 37. Nc4 Bf8 38. Qb6 Rc8 39. Ra1 g5 40. h5 h6 41. Ra7 Rb8 42. Nd6 Qe7 43. Bxc5 Qf6 44. Qc7 1-0

[Event "USA Chess League"]
[Site "ICC INT"]
[Date "2012.10.22"]
[Round "8"]
[White "Riordan, Charles"]
[Black "Charbonneau, Pascal"]
[Result "1/2-1/2"]
[WhiteElo "2339"]
[BlackElo "2517"]
[PlyCount "81"]
[GameId "2130307692765656"]
[EventDate "2012.09.04"]
[EventType "team"]
[EventRounds "10"]
[EventCountry "USA"]
[SourceTitle "The Week in Chess 938"]
[Source "Mark Crowther"]
[SourceDate "2012.10.30"]
[SourceVersion "1"]
[SourceVersionDate "2012.10.30"]
[SourceQuality "2"]
[WhiteTeam "New England"]
[BlackTeam "New York"]

1. e4 c5 2. Nf3 Nc6 3. d4 cxd4 4. Nxd4 e6 5. Nc3 d6 6. Be3 Nf6 7. f3 Be7 8. Qd2 O-O 9. g4 d5 10. g5 Nd7 11. exd5 Nxd4 12. Qxd4 Bxg5 13. O-O-O exd5 14. Nxd5 Nb6 15. Bxg5 Qxg5+ 16. f4 Qxd5 17. Qxd5 Nxd5 18. Rxd5 Be6 19. Re5 Rad8 20. Bg2 b6 21. Be4 g6 22. a3 Kg7 23. Rd1 Rxd1+ 24. Kxd1 Rd8+ 25. Ke2 Rd6 26. Bd3 f6 27. Re4 f5 28. Ra4 a5 29. Ke3 Kf6 30. Rd4 Rxd4 31. Kxd4 h6 32. h4 g5 33. hxg5+ hxg5 34. fxg5+ Kxg5 35. Ke5 Bc8 36. b4 axb4 37. axb4 f4 38. c4 f3 39. c5 bxc5 40. bxc5 Bb7 41. Kd6 1/2-1/2

[Event "USCL"]
[Site "ICC INT"]
[Date "2010.08.23"]
[Round "1"]
[White "Shmeliov, Denis"]
[Black "Charbonneau, Pascal"]
[Result "0-1"]
[WhiteElo "2360"]
[BlackElo "2513"]
[PlyCount "70"]
[GameId "2129405076206800"]
[EventDate "2010.08.23"]
[EventType "team"]
[EventRounds "10"]
[EventCountry "USA"]
[SourceTitle "The Week in Chess 825"]
[Source "Mark Crowther"]
[SourceDate "2010.08.30"]
[SourceVersion "1"]
[SourceVersionDate "2010.08.30"]
[SourceQuality "2"]

1. d4 Nf6 2. c4 e6 3. Nc3 Bb4 4. f3 O-O 5. e4 d5 6. cxd5 exd5 7. e5 Nfd7 8. a3 Bxc3+ 9. bxc3 f6 10. exf6 Qxf6 11. Ne2 Nb6 12. Nf4 c5 13. dxc5 Qxc3+ 14. Kf2 Qxc5+ 15. Be3 Qd6 16. Rc1 N8d7 17. g3 g5 18. Nd3 h6 19. Kg2 Nc4 20. Bd4 Nf6 21. Nf2 b5 22. Qd3 Nh5 23. Qb3 a6 24. Bd3 Ng7 25. Rhe1 Nf5 26. Bxf5 Bxf5 27. Rcd1 Rf7 28. Ba1 Qxa3 29. Qxa3 Nxa3 30. g4 Bd7 31. Re5 Nc4 32. Re2 Raf8 33. Rd3 b4 34. Ra2 a5 35. Rxd5 Ne3+ 0-1

[Event "USCL"]
[Site "ICC INT"]
[Date "2010.09.13"]
[Round "4"]
[White "Charbonneau, Pascal"]
[Black "Schneider, Dmitry"]
[Result "1-0"]
[WhiteElo "2513"]
[BlackElo "2487"]
[PlyCount "115"]
[GameId "2129405076215069"]
[EventDate "2010.08.23"]
[EventType "team"]
[EventRounds "10"]
[EventCountry "USA"]
[SourceTitle "The Week in Chess 828"]
[Source "Mark Crowther"]
[SourceDate "2010.09.20"]
[SourceVersion "1"]
[SourceVersionDate "2010.09.20"]
[SourceQuality "2"]

1. e4 e5 2. Nf3 Nc6 3. Nc3 Nf6 4. Bb5 Bd6 5. O-O O-O 6. d3 h6 7. a3 Re8 8. Ne2 Bf8 9. Ng3 g6 10. Re1 Bg7 11. c3 a6 12. Ba4 b5 13. Bb3 d6 14. a4 Rb8 15. axb5 axb5 16. h3 Be6 17. Bxe6 Rxe6 18. d4 d5 19. exd5 Qxd5 20. dxe5 Qxd1 21. Rxd1 Nxe5 22. Nd4 Ree8 23. Bf4 Nfd7 24. Nc6 Rb6 25. Nb4 Rb7 26. Ne4 f5 27. Bxe5 Nxe5 28. Nc5 Rbb8 29. Ra7 Nc4 30. b3 Nb2 31. Rc1 Rbd8 32. Rxc7 Rd1+ 33. Rxd1 Nxd1 34. Ncd3 Nxc3 35. Nc6 Re2 36. Ne7+ Kh7 37. Nxg6 Rc2 38. Nf8+ Kg8 39. Ne6 Ne2+ 40. Kf1 Rxc7 41. Nxc7 Nd4 42. b4 Kf7 43. f4 Ke7 44. Kf2 Kd7 45. Nd5 Kd6 46. Ne3 Ke6 47. g4 Bf6 48. Nc5+ Kd6 49. Nxf5+ Nxf5 50. Ne4+ Ke7 51. Nxf6 Nd4 52. Nd5+ Kd6 53. Nc3 Kc6 54. h4 Nc2 55. g5 hxg5 56. fxg5 Kd6 57. h5 Ke5 58. h6 1-0

[Event "USCL"]
[Site "ICC INT"]
[Date "2010.10.25"]
[Round "10"]
[White "Charbonneau, Pascal"]
[Black "Shmeliov, Denis"]
[Result "1-0"]
[WhiteElo "2513"]
[BlackElo "2360"]
[PlyCount "81"]
[GameId "2129405076215260"]
[EventDate "2010.08.23"]
[EventType "team"]
[EventRounds "10"]
[EventCountry "USA"]
[SourceTitle "The Week in Chess 834"]
[Source "Mark Crowther"]
[SourceDate "2010.11.01"]
[SourceVersion "1"]
[SourceVersionDate "2010.11.01"]
[SourceQuality "2"]

1. e4 e6 2. d4 d5 3. Nd2 Be7 4. Ngf3 c5 5. exd5 Qxd5 6. Bc4 Qc6 7. Qe2 a6 8. O-O Nf6 9. Ne5 Qc7 10. dxc5 Bxc5 11. Ndf3 Nc6 12. Bf4 Nxe5 13. Nxe5 Qb6 14. c3 O-O 15. Rad1 Re8 16. Bd3 Be7 17. Bb1 Qc5 18. Rfe1 a5 19. Bg5 h6 20. Bh4 Ra6 21. Qc2 Rd6 22. Ng4 Rxd1 23. Rxd1 Qh5 24. Rd4 e5 25. Nxf6+ Bxf6 26. Bxf6 gxf6 27. Rd6 Be6 28. h3 Qg5 29. Kh2 f5 30. Qe2 e4 31. Qe3 Kh7 32. g3 Rc8 33. a4 Rc6 34. Rxc6 bxc6 35. b4 axb4 36. cxb4 Bc4 37. Bxe4 Qf6 38. Qf4 Bb3 39. Qxf5+ Qxf5 40. Bxf5+ Kg7 41. a5 1-0

[Event "Foxwoods op"]
[Site "Ledyard USA"]
[Date "2009.04.10"]
[Round "4"]
[White "Charbonneau, Pascal"]
[Black "Rogers, Norman"]
[Result "1-0"]
[WhiteElo "2505"]
[BlackElo "2240"]
[PlyCount "75"]
[GameId "2129405088321249"]
[EventDate "2009.04.08"]
[EventType "swiss"]
[EventRounds "9"]
[EventCountry "USA"]
[SourceTitle "The Week in Chess 753"]
[Source "Mark Crowther"]
[SourceDate "2009.04.13"]
[SourceVersion "1"]
[SourceVersionDate "2009.04.13"]
[SourceQuality "2"]

1. c4 Nf6 2. Nf3 g6 3. Nc3 Bg7 4. e4 d6 5. d4 O-O 6. h3 Nbd7 7. Be3 e5 8. d5 Nc5 9. Nd2 a5 10. Be2 c6 11. O-O Bd7 12. Rc1 a4 13. Bxc5 dxc5 14. Nxa4 cxd5 15. Nxc5 d4 16. Nxd7 Qxd7 17. a3 Bh6 18. Bf3 Rfc8 19. Rc2 Qe6 20. c5 Ra5 21. b4 Rxa3 22. Nc4 Rc3 23. Rxc3 dxc3 24. Qd3 Bd2 25. Nxd2 cxd2 26. Qxd2 Qc4 27. Rc1 Qb5 28. Qc3 Kg7 29. Rd1 Re8 30. Rd6 Qa4 31. g3 Re7 32. Kg2 Ne8 33. Rb6 Nc7 34. Be2 f6 35. Bc4 Na8 36. Rd6 Nc7 37. Qf3 Ne8 38. Rb6 1-0

[Event "Foxwoods op"]
[Site "Ledyard USA"]
[Date "2009.04.11"]
[Round "6"]
[White "Charbonneau, Pascal"]
[Black "Perelshteyn, Eugene"]
[Result "1/2-1/2"]
[WhiteElo "2505"]
[BlackElo "2543"]
[PlyCount "54"]
[GameId "2129405088321293"]
[EventDate "2009.04.08"]
[EventType "swiss"]
[EventRounds "9"]
[EventCountry "USA"]
[SourceTitle "The Week in Chess 753"]
[Source "Mark Crowther"]
[SourceDate "2009.04.13"]
[SourceVersion "1"]
[SourceVersionDate "2009.04.13"]
[SourceQuality "2"]

1. e4 c5 2. Nf3 g6 3. d4 cxd4 4. Nxd4 Nc6 5. Nc3 Bg7 6. Be3 Nf6 7. Bc4 Qa5 8. O-O O-O 9. Bb3 d6 10. h3 Bd7 11. Re1 Rac8 12. Qd2 Rfe8 13. Rad1 Nxd4 14. Bxd4 Bc6 15. Qe3 Nd7 16. Qf4 Rf8 17. Bxg7 Kxg7 18. Nd5 Rce8 19. h4 h5 20. c3 Ne5 21. Ne3 Qc5 22. Nf5+ gxf5 23. Qg5+ Kh7 24. Qxh5+ Kg7 25. Qg5+ Kh7 26. Qh5+ Kg7 27. Qg5+ Kh7 1/2-1/2

[Event "Foxwoods op"]
[Site "Ledyard USA"]
[Date "2009.04.11"]
[Round "7"]
[White "Kacheishvili, Giorgi"]
[Black "Charbonneau, Pascal"]
[Result "1/2-1/2"]
[WhiteElo "2613"]
[BlackElo "2505"]
[PlyCount "83"]
[GameId "2129405088321320"]
[EventDate "2009.04.08"]
[EventType "swiss"]
[EventRounds "9"]
[EventCountry "USA"]
[SourceTitle "The Week in Chess 753"]
[Source "Mark Crowther"]
[SourceDate "2009.04.13"]
[SourceVersion "1"]
[SourceVersionDate "2009.04.13"]
[SourceQuality "2"]

1. d4 Nf6 2. c4 g6 3. Nc3 Bg7 4. e4 O-O 5. Nf3 d6 6. h3 Nbd7 7. Bg5 e5 8. d5 h6 9. Be3 Nc5 10. Nd2 a5 11. Be2 c6 12. O-O Bd7 13. a3 Qc7 14. b3 cxd5 15. cxd5 a4 16. bxa4 Nxa4 17. Nxa4 Bxa4 18. Qc1 Rfc8 19. Qxc7 Rxc7 20. Rfc1 Rac8 21. Rxc7 Rxc7 22. Rb1 Nd7 23. Rb4 Bc2 24. Bb5 f5 25. Rc4 Rxc4 26. Nxc4 Nf6 27. Nxd6 Bxe4 28. Nxe4 Nxe4 29. Be8 Kh7 30. f3 Nd6 31. Bd7 Bf8 32. a4 Kg7 33. Kf1 Kf6 34. Ke2 h5 35. Kd3 Be7 36. Bb6 Kf7 37. Ba5 Bh4 38. Be6+ Ke8 39. Bb4 Be7 40. Bd2 b6 41. Be3 Bd8 42. Bd2 1/2-1/2

[Event "Foxwoods op"]
[Site "Ledyard USA"]
[Date "2009.04.12"]
[Round "8"]
[White "Charbonneau, Pascal"]
[Black "Stopa, Jacek"]
[Result "1/2-1/2"]
[WhiteElo "2505"]
[BlackElo "2471"]
[PlyCount "48"]
[GameId "2129405088321341"]
[EventDate "2009.04.08"]
[EventType "swiss"]
[EventRounds "9"]
[EventCountry "USA"]
[SourceTitle "The Week in Chess 753"]
[Source "Mark Crowther"]
[SourceDate "2009.04.13"]
[SourceVersion "1"]
[SourceVersionDate "2009.04.13"]
[SourceQuality "2"]

1. e4 c5 2. Nf3 d6 3. d4 cxd4 4. Nxd4 Nf6 5. Nc3 a6 6. h3 e6 7. g4 d5 8. exd5 Nxd5 9. Bd2 Nb4 10. Nb3 Bd7 11. Bg2 Bc6 12. Bxc6+ N8xc6 13. a3 Nd5 14. Qf3 Qf6 15. Qe2 O-O-O 16. Nxd5 Rxd5 17. O-O-O Be7 18. Be3 Rhd8 19. Rxd5 Rxd5 20. f4 Bf8 21. Kb1 Kb8 22. Rd1 Qd8 23. Rd2 g6 24. c4 Rxd2 1/2-1/2

[Event "USA-Tch Amateur East"]
[Site "Parsipanny USA"]
[Date "2009.02.14"]
[Round "2"]
[White "Shvartsman, Andrew"]
[Black "Charbonneau, Pascal"]
[Result "0-1"]
[WhiteElo "2053"]
[BlackElo "2500"]
[PlyCount "105"]
[GameId "2129405089170191"]
[EventDate "2009.02.14"]
[EventType "team"]
[EventRounds "6"]
[EventCountry "USA"]
[SourceTitle "The Week in Chess 749"]
[Source "Mark Crowther"]
[SourceDate "2009.03.16"]
[SourceVersion "2"]
[SourceVersionDate "2009.03.17"]
[SourceQuality "2"]

1. e4 c5 2. Nf3 a6 3. d4 cxd4 4. Nxd4 Nf6 5. Bd3 d6 6. Nc3 e5 7. Nb3 Be7 8. a4 Be6 9. O-O O-O 10. f4 exf4 11. Bxf4 Nc6 12. Kh1 Ng4 13. Be2 Nge5 14. Nd5 Rc8 15. c3 Bg5 16. Nd4 Bxd5 17. exd5 Nxd4 18. Qxd4 Bxf4 19. Rxf4 Qe7 20. a5 g6 21. b4 Rfe8 22. c4 Nd7 23. Bf1 f5 24. Rc1 Qe3 25. Qxe3 Rxe3 26. Rf3 Re4 27. Rfc3 Kf8 28. c5 Rxb4 29. c6 Nc5 30. cxb7 Rd8 31. Bxa6 Nxa6 32. Rc8 Ke8 33. Ra8 Nc5 34. a6 Nxb7 35. axb7 Rxb7 36. Ra3 Rdb8 37. Re3+ Kf7 38. Rce1 Rb1 39. Re7+ Kf8 40. h3 Rxe1+ 41. Rxe1 Rb5 42. Rd1 Kf7 43. Kg1 Kf6 44. Kf2 h6 45. g4 f4 46. Kf3 g5 47. Ke4 Rb4+ 48. Kd3 Ke5 49. Kc3 Re4 50. Rd2 f3 51. Rf2 Kf4 52. Kd3 Re5 53. Kd4 0-1

[Event "Bermuda op"]
[Site "Southampton BER"]
[Date "2009.02.01"]
[Round "4"]
[White "Charbonneau, Pascal"]
[Black "Ivanov, Alexander"]
[Result "1/2-1/2"]
[WhiteElo "2500"]
[BlackElo "2540"]
[PlyCount "56"]
[GameId "2129405089477362"]
[EventDate "2009.01.30"]
[EventType "swiss"]
[EventRounds "5"]
[EventCountry "BER"]
[SourceTitle "The Week in Chess 744"]
[Source "Mark Crowther"]
[SourceDate "2009.02.09"]
[SourceVersion "1"]
[SourceVersionDate "2009.02.09"]
[SourceQuality "2"]

1. e4 e5 2. Nc3 Nc6 3. g3 Bc5 4. Bg2 a6 5. Nf3 d6 6. d3 Nge7 7. O-O O-O 8. Be3 Bxe3 9. fxe3 Bd7 10. Nh4 g6 11. d4 Kg7 12. Qd2 f6 13. Rf2 Qb8 14. Nd5 Nxd5 15. exd5 Ne7 16. dxe5 fxe5 17. Rxf8 Qxf8 18. Rf1 Qe8 19. Nf3 h6 20. c4 Rd8 21. Qc3 Ng8 22. c5 Bb5 23. Rf2 Nf6 24. Nd2 Qe7 25. e4 Ng4 26. Rf4 Nf6 27. Rf2 Ng4 28. Rf4 Nf6 1/2-1/2

[Event "Olympiad"]
[Site "Dresden GER"]
[Date "2008.11.13"]
[Round "1"]
[White "Charbonneau, Pascal"]
[Black "Ganguly, Surya Shekhar"]
[Result "0-1"]
[WhiteElo "2499"]
[BlackElo "2603"]
[PlyCount "86"]
[GameId "2129405090943548"]
[EventDate "2008.11.13"]
[EventType "team"]
[EventRounds "11"]
[EventCountry "GER"]
[SourceTitle "The Week in Chess 732"]
[Source "Mark Crowther"]
[SourceDate "2008.11.17"]
[SourceVersion "1"]
[SourceVersionDate "2008.11.17"]
[SourceQuality "2"]

1. e4 e6 2. d4 d5 3. Nc3 Bb4 4. e5 c5 5. a3 Bxc3+ 6. bxc3 Ne7 7. Qg4 Qc7 8. Bd3 c4 9. Be2 Nf5 10. Nf3 Nc6 11. Nh4 Nce7 12. Nxf5 Nxf5 13. O-O Bd7 14. a4 O-O-O 15. Qh3 Rdg8 16. Bg4 Ne7 17. Ba3 Qd8 18. Qf3 Qe8 19. a5 Kb8 20. Rfb1 Nc8 21. Bc5 Ka8 22. Rb4 Bc6 23. g3 g6 24. Qd1 h5 25. Bf3 Qd7 26. Ra2 a6 27. Rab2 Na7 28. Bxa7 Kxa7 29. Rb6 Qe7 30. R2b4 Rc8 31. Qc1 g5 32. Qe3 Ka8 33. Bg2 h4 34. g4 h3 35. Bf1 f5 36. f3 fxg4 37. fxg4 Rcf8 38. Be2 Rf4 39. Qc1 Rhf8 40. Rxc6 bxc6 41. Rb6 Ka7 42. Rxc6 Rb8 43. Rd6 Qf7 0-1

[Event "Olympiad"]
[Site "Dresden GER"]
[Date "2008.11.15"]
[Round "3"]
[White "Elliott, Warren"]
[Black "Charbonneau, Pascal"]
[Result "0-1"]
[WhiteElo "2264"]
[BlackElo "2499"]
[PlyCount "70"]
[GameId "2129405090960515"]
[EventDate "2008.11.13"]
[EventType "team"]
[EventRounds "11"]
[EventCountry "GER"]
[SourceTitle "The Week in Chess 732"]
[Source "Mark Crowther"]
[SourceDate "2008.11.17"]
[SourceVersion "1"]
[SourceVersionDate "2008.11.17"]
[SourceQuality "2"]

1. e4 c5 2. Nc3 Nc6 3. Bb5 Nd4 4. Bc4 e6 5. Nf3 Nf6 6. O-O Qc7 7. d3 Ng4 8. g3 Nxf3+ 9. Qxf3 Ne5 10. Qe2 Be7 11. f4 Nxc4 12. dxc4 b6 13. f5 Bb7 14. Bf4 Qc6 15. Nd5 Bd8 16. Qg4 Bf6 17. Rad1 exd5 18. cxd5 Qa4 19. e5 Bxe5 20. Rfe1 d6 21. Qxg7 O-O-O 22. Rxe5 Qxf4 23. gxf4 Rhg8 24. Kf2 Rxg7 25. Re7 Rd7 26. Re8+ Kc7 27. c4 f6 28. Rde1 Bc8 29. Rf8 Rdf7 30. Ree8 Bxf5 31. Rh8 Rg4 32. Kf3 Rh4 33. Ra8 Kb7 34. Rab8+ Ka6 35. Rhg8 Rxh2 0-1

[Event "Olympiad"]
[Site "Dresden GER"]
[Date "2008.11.16"]
[Round "4"]
[White "Aagaard, Jacob"]
[Black "Charbonneau, Pascal"]
[Result "0-1"]
[WhiteElo "2528"]
[BlackElo "2499"]
[PlyCount "50"]
[GameId "2129405090968919"]
[EventDate "2008.11.13"]
[EventType "team"]
[EventRounds "11"]
[EventCountry "GER"]
[SourceTitle "The Week in Chess 732"]
[Source "Mark Crowther"]
[SourceDate "2008.11.17"]
[SourceVersion "1"]
[SourceVersionDate "2008.11.17"]
[SourceQuality "2"]

1. e4 c5 2. Nf3 e6 3. b3 d6 4. Bb5+ Nd7 5. O-O Ngf6 6. Re1 Be7 7. Bb2 O-O 8. c3 a6 9. Bf1 b5 10. d4 Bb7 11. Nbd2 d5 12. e5 Ne4 13. Nxe4 dxe4 14. Nd2 cxd4 15. cxd4 Bb4 16. Re2 f5 17. a4 Nb6 18. Nb1 Nd5 19. Rc2 e3 20. Qd3 Be1 21. fxe3 Nb4 22. Qe2 Nxc2 23. Qxc2 f4 24. Nc3 Qh4 25. exf4 Rxf4 0-1

[Event "Olympiad"]
[Site "Dresden GER"]
[Date "2008.11.17"]
[Round "5"]
[White "Charbonneau, Pascal"]
[Black "Al Zendani, Zendan"]
[Result "1/2-1/2"]
[WhiteElo "2499"]
[BlackElo "2400"]
[PlyCount "79"]
[GameId "2129405090977443"]
[EventDate "2008.11.13"]
[EventType "team"]
[EventRounds "11"]
[EventCountry "GER"]
[SourceTitle "The Week in Chess 732"]
[Source "Mark Crowther"]
[SourceDate "2008.11.17"]
[SourceVersion "1"]
[SourceVersionDate "2008.11.17"]
[SourceQuality "2"]

1. e4 c5 2. Nf3 d6 3. d4 cxd4 4. Nxd4 Nf6 5. Nc3 a6 6. Be2 e5 7. Nb3 Be7 8. O-O O-O 9. Re1 Be6 10. Bf3 Nbd7 11. a4 Qc7 12. a5 Rac8 13. Be3 Rfe8 14. h3 h6 15. Nd2 Bf8 16. Nf1 Ra8 17. Nh2 b5 18. axb6 Nxb6 19. Ng4 Nxg4 20. hxg4 Rec8 21. Be2 Qb7 22. g5 hxg5 23. Bxg5 Nc4 24. b3 Nb2 25. Qd2 Qb4 26. Nd5 Qxd2 27. Bxd2 Rxc2 28. Bc1 Bxd5 29. exd5 Rac8 30. Rb1 Nd1 31. Bxa6 Rxc1 32. Rxd1 Rxd1+ 33. Rxd1 Rc2 34. Ra1 Rb2 35. Bc4 g6 36. Ra8 Kg7 37. Rb8 e4 38. b4 Be7 39. b5 Bf6 40. Re8 1/2-1/2

[Event "Olympiad"]
[Site "Dresden GER"]
[Date "2008.11.19"]
[Round "6"]
[White "Charbonneau, Pascal"]
[Black "Hussein, HA."]
[Result "0-1"]
[WhiteElo "2499"]
[BlackElo "2354"]
[PlyCount "26"]
[GameId "2129405090990028"]
[EventDate "2008.11.13"]
[EventType "team"]
[EventRounds "11"]
[EventCountry "GER"]
[SourceTitle "The Week in Chess 733"]
[Source "Mark Crowther"]
[SourceDate "2008.11.24"]
[SourceVersion "1"]
[SourceVersionDate "2008.11.24"]
[SourceQuality "2"]

1. e4 e6 2. d4 d5 3. Nc3 dxe4 4. Nxe4 Nd7 5. Nf3 Be7 6. Bd3 Ngf6 7. Nxf6+ Bxf6 8. Qe2 O-O 9. Bf4 c5 10. h4 cxd4 11. Bxh7+ Kxh7 12. Ng5+ Kg8 13. Qh5 Qa5+ 0-1

[Event "Olympiad"]
[Site "Dresden GER"]
[Date "2008.11.22"]
[Round "9"]
[White "Bindrich, Falko"]
[Black "Charbonneau, Pascal"]
[Result "0-1"]
[WhiteElo "2517"]
[BlackElo "2499"]
[PlyCount "88"]
[GameId "2129405091007248"]
[EventDate "2008.11.13"]
[EventType "team"]
[EventRounds "11"]
[EventCountry "GER"]
[SourceTitle "The Week in Chess 733"]
[Source "Mark Crowther"]
[SourceDate "2008.11.24"]
[SourceVersion "1"]
[SourceVersionDate "2008.11.24"]
[SourceQuality "2"]

1. d4 Nf6 2. Nf3 g6 3. Bg5 Bg7 4. Nbd2 O-O 5. e4 d5 6. exd5 Nxd5 7. Nb3 Nd7 8. c4 N5f6 9. Be2 c5 10. O-O b6 11. Re1 Bb7 12. Bf1 e6 13. Qe2 Qc7 14. Rad1 Rfe8 15. h3 cxd4 16. Nbxd4 a6 17. Qe3 e5 18. Nb3 a5 19. Nbd2 Bf8 20. Nh2 Bc5 21. Qg3 Nh5 22. Qh4 f6 23. Bh6 f5 24. Nb3 Be7 25. Bg5 Bxg5 26. Qxg5 a4 27. Nc1 e4 28. Ne2 Ne5 29. Nc3 Bc6 30. g4 Nf7 31. Qe3 Nf4 32. c5 bxc5 33. Qxc5 Ra5 34. Qc4 Kg7 35. Qd4+ Ne5 36. b4 axb3 37. axb3 Ne6 38. Qe3 f4 39. Qc1 e3 40. Qb2 Ng5 41. Ne2 Ra2 42. Qxa2 Nef3+ 43. Nxf3 Nxf3+ 44. Kh1 exf2 0-1

[Event "Foxwoods op"]
[Site "Ledyard USA"]
[Date "2008.03.20"]
[Round "2"]
[White "Charbonneau, Pascal"]
[Black "Figler, Ilya"]
[Result "1-0"]
[WhiteElo "2496"]
[BlackElo "2332"]
[PlyCount "77"]
[GameId "2129405097576041"]
[EventDate "2008.03.19"]
[EventType "swiss"]
[EventRounds "9"]
[EventCountry "USA"]
[SourceTitle "The Week in Chess 698"]
[Source "Mark Crowther"]
[SourceDate "2008.03.24"]
[SourceVersion "1"]
[SourceVersionDate "2008.03.24"]
[SourceQuality "2"]

1. e4 c6 2. c4 e5 3. Nf3 Qa5 4. Nc3 Nf6 5. Be2 Bb4 6. Qc2 O-O 7. O-O d6 8. d3 Bxc3 9. bxc3 Bg4 10. Rb1 Nbd7 11. Nh4 Bxe2 12. Qxe2 Rab8 13. f4 Qxc3 14. Bb2 Qa5 15. Nf5 Rfe8 16. Kh1 Re6 17. Qf3 Qd8 18. Nxd6 exf4 19. Nf5 Qc7 20. Bc1 g5 21. Qh3 Kh8 22. g3 fxg3 23. Nxg3 Rg8 24. Bb2 Rg6 25. d4 Kg8 26. Qf5 Re7 27. Qf3 g4 28. Qf2 c5 29. e5 Qc6+ 30. d5 Nxd5 31. cxd5 Qxd5+ 32. Qg2 Qxg2+ 33. Kxg2 Rb6 34. Nf5 Re8 35. Bc3 Ree6 36. Rbd1 Nf8 37. Rd8 h5 38. Nd6 f6 39. Rxf6 1-0

[Event "Foxwoods op"]
[Site "Ledyard USA"]
[Date "2008.03.20"]
[Round "3"]
[White "Stripunsky, Alexander"]
[Black "Charbonneau, Pascal"]
[Result "1/2-1/2"]
[WhiteElo "2570"]
[BlackElo "2496"]
[PlyCount "67"]
[GameId "2129405097576072"]
[EventDate "2008.03.19"]
[EventType "swiss"]
[EventRounds "9"]
[EventCountry "USA"]
[SourceTitle "The Week in Chess 698"]
[Source "Mark Crowther"]
[SourceDate "2008.03.24"]
[SourceVersion "1"]
[SourceVersionDate "2008.03.24"]
[SourceQuality "2"]

1. e4 c5 2. c3 d5 3. exd5 Qxd5 4. d4 Nf6 5. Nf3 e6 6. Be3 cxd4 7. cxd4 Nc6 8. Nc3 Qd6 9. a3 Be7 10. Qc2 O-O 11. Bd3 g6 12. Rc1 Nd5 13. O-O Bd7 14. Bh6 Rfd8 15. Ne4 Qc7 16. Qd2 Qa5 17. Qe2 Qb6 18. Be3 Rac8 19. b4 a5 20. b5 Na7 21. a4 Rxc1 22. Rxc1 Rc8 23. Bc4 Qd8 24. Bxd5 exd5 25. Nc5 b6 26. Nxd7 Qxd7 27. Ne5 Qe6 28. Rxc8+ Nxc8 29. Qc2 Bd6 30. Qc6 Bxe5 31. dxe5 Qxc6 32. bxc6 Kf8 33. Bg5 Ke8 34. Kf1 1/2-1/2